| 000 | 00382nam a22001697a 4500 | ||
|---|---|---|---|
| 005 | 20230614104504.0 | ||
| 008 | 230614b |||||||| |||| 00| 0 eng d | ||
| 020 | _a9781319088088 | ||
| 082 |
_a808.066 _bMAR-T |
||
| 100 | _aMarkal,Mike | ||
| 245 | _aTechnical communication | ||
| 250 | _a11th | ||
| 260 |
_aUSA _bBedford _c2015 |
||
| 300 | _a729 | ||
| 650 | _aMISC | ||
| 999 |
_c18745 _d18745 |
||